000
00303 a2200133 4500
005
20250628120458.0
020
_a
98765432
082
_a
658 KIN
100
_a
KINARD,J.
245
_a
Management
260
_a
Toronto
_b
D.C. HEATH AND COMPANY
_c
1988
300
_a
xxv,532p.
_b
Index
_c
21cm.
942
_2
ddc
_c
BKS
999
_c
5992
_d
5992